000 00648nam a2200217 i 4500
001 71189
003 ES-MaACL
005 20230906171045.0
007 t|
008 040806s1973 fr ||||1| fre d
100 1 _aGauthier, René-Antoine.
_956039
245 1 3 _aLa morale d'Aristote /
_cRené-Antoine Gauthier.
250 _a[3ª ed. rev. et corr.].
260 _aParis :
_bPresses Universitaires de France,
_c1973.
300 _a142 p. ;
_c18 cm.
490 1 _aLe philosophe ;
_v34
504 _aBibliografía: p. 140-142.
830 0 _aLe philosophe ;
_v34
_9229538
852 _aES-MaACL
_jL-11725
_bR.113247
999 _c71189
_d71189